| 000 | 00606nam a22001697a 4500 | ||
|---|---|---|---|
| 003 | NUST | ||
| 038 | _aNusrat Nadeem | ||
| 082 | _a200 | ||
| 100 |
_aSHEIKH, SHAFFAA AHSAN _9120247 |
||
| 245 |
_aEXPLORING THE DISCOURSE OF CLIMATE CHANGE LITIGATION CHALLENGES FOR GLOBAL SOUTH CASE STUDY OF PAKISTAN/ _cSHAFFAA AHSAN SHEIKH, |
||
| 264 |
_aIslamabad, _c2023. _bS3H NUST; |
||
| 300 |
_aill: _b135,p: _c30,cm. |
||
| 650 |
_aMS-Government and Public Policy _9125323 |
||
| 700 |
_aSUPERVISOR: DR. SYED RIFAAT HUSSAIN _9120172 |
||
| 856 | _uhttp://10.250.8.41:8080/xmlui/handle/123456789/39111 | ||
| 942 |
_2ddc _cSC |
||
| 999 |
_c607629 _d607629 |
||